| 000 | 00466nam a2200157 i 4500 | ||
|---|---|---|---|
| 001 | 96211 | ||
| 003 | ES-MaACL | ||
| 005 | 20230906181852.0 | ||
| 007 | t| | ||
| 008 | 050613s1966 sp ||||1| spa d | ||
| 100 | 1 |
_aMadruga Méndez, Joaquín. _975372 |
|
| 245 | 1 | 0 |
_aTransmisión del derecho arrendaticio de vivienda / _cpor Joaquín Madruga Méndez. |
| 260 |
_aMadrid : _bMontecorro, _c1966. |
||
| 300 |
_a248 p. ; _c25 cm. |
||
| 852 |
_aES-MaACL _jC-30119 _bR.60168 |
||
| 999 |
_c96211 _d96211 |
||